000 00633nmm a2200265 a 4500
003 AR-BaBNM
005 20251128202800.0
008 267019s1934 ||||||||||||||000 | spa||
040 _cAR-BaBNM
100 0 _aPescatore di Perle
245 1 0 _aAntologĂ­a del disparate
260 _aBarcelona
_bGustavo Gili
_c1934
300 0 _a359 p.
650 4 _aLITERATURA ARGENTINA
650 4 _aCRITICA LITERARIA
650 4 _aHUMOR
650 4 _aESCRITORES
650 4 _aHISTORIA LITERARIA
653 _aPARODIA
653 _aNARRATIVA
653 _aINFLUENCIA CLASICA
655 _aLITERATURA
942 _cBK
998 _cMARTIN
999 _c547
_d547